Globálna finančná a hospodárska kríza a manažment podniku

Rôzne pohľady na pojem kríza. Dopady hospodárskej a finančnej krízy na podnikovú sféru a slovenskú ekonomiku. Snahy o zmiernenie dôsledkov hospodárskej krízy.

Na minha lista:
Detalhes bibliográficos
Autor principal: Vaňková, Dana
Formato: Capítulo de Livro
Idioma:eslovaco
Assuntos:
Tags: Adicionar Tag
Sem tags, seja o primeiro a adicionar uma tag!

MARC

LEADER 00000nla$a2200000$$$4500
001 0145255
005 20240502072618.8
041 0 |a slo 
044 |a SK 
245 1 0 |a Globálna finančná a hospodárska kríza a manažment podniku  |c Dana Vaňková 
520 |a Rôzne pohľady na pojem kríza. Dopady hospodárskej a finančnej krízy na podnikovú sféru a slovenskú ekonomiku. Snahy o zmiernenie dôsledkov hospodárskej krízy. 
610 2 0 |a kríza finančná 
610 2 0 |a kríza hospodárska 
610 2 0 |a riadenie podnikové 
610 2 0 |a hospodárstvo národné 
610 2 0 |a Slovensko 
100 1 |a Vaňková, Dana